[Event "NDVM 2019 U14w"]
[Site "?"]
[Date "2019.09.13"]
[Round "3.11"]
[White "Thiele, Lea-Marie"]
[Black "Liu, Shandy"]
[Result "1-0"]
[BlackElo "929"]
[WhiteElo "1066"]
[LiveChessVersion "1.4.8"]

1. d4 {[%clk 1:30:55]} d5 {[%clk 1:30:54]} 2. e3 {[%clk 1:30:57]} Nf6
{[%clk 1:30:36]} 3. Bd3 {[%clk 1:31:15]} Bg4 {[%clk 1:29:45]} 4. Nf3
{[%clk 1:28:49]} Nc6 {[%clk 1:27:40]} 5. Nbd2 {[%clk 1:29:05]} e6
{[%clk 1:24:52]} 6. c3 {[%clk 1:28:56]} Bd6 {[%clk 1:23:23]} 7. Qb3
{[%clk 1:29:06]} b6 {[%clk 1:21:29]} 8. Bb5 {[%clk 1:28:59]} O-O {[%clk 1:07:34]}
9. Bxc6 {[%clk 1:29:22]} Rc8 {[%clk 1:07:01]} 10. Qc2 {[%clk 1:28:46]} Bf5
{[%clk 1:01:02]} 11. e4 {[%clk 1:27:05]} Nxe4 {[%clk 0:57:35]} 12. Nxe4
{[%clk 1:27:12]} Bxe4 {[%clk 0:56:57]} 13. Qe2 {[%clk 1:27:28]} Qf6
{[%clk 0:44:23]} 14. h4 {[%clk 1:22:25]} a6 {[%clk 0:35:29]} 15. h5
{[%clk 1:19:30]} h6 {[%clk 0:34:13]} 16. Bb7 {[%clk 1:19:17]} Bxf3
{[%clk 0:30:42]} 17. Qxf3 {[%clk 1:19:05]} Qxf3 {[%clk 0:30:42]} 18. gxf3
{[%clk 1:19:28]} Rb8 {[%clk 0:30:54]} 19. Bxa6 {[%clk 1:19:50]} b5
{[%clk 0:31:13]} 20. Rg1 {[%clk 1:19:36]} Rb6 {[%clk 0:25:48]} 21. Bxh6
{[%clk 1:19:13]} Kh7 {[%clk 0:25:57]} 22. Bxg7 {[%clk 1:19:00]} Rg8
{[%clk 0:25:51]} 23. Bxb5 {[%clk 1:18:55]} Rxg7 {[%clk 0:22:57]} 24. Rxg7+
{[%clk 1:19:15]} Kxg7 {[%clk 0:23:13]} 25. Be2 {[%clk 1:19:20]} Rxb2
{[%clk 0:23:09]} 26. a4 {[%clk 1:19:08]} Rc2 {[%clk 0:22:47]} 27. a5
{[%clk 1:19:28]} Rb2 {[%clk 0:19:53]} 28. a6 {[%clk 1:19:39]} Rb8
{[%clk 0:20:11]} 29. a7 {[%clk 1:20:00]} Ra8 {[%clk 0:20:34]} 30. Bb5
{[%clk 1:20:08]} c6 {[%clk 0:20:10]} 31. Bxc6 {[%clk 1:20:32]} Rxa7
{[%clk 0:17:01]} 32. Rxa7 {[%clk 1:20:53]} Kf8 {[%clk 0:16:24]} 33. h6
{[%clk 1:20:50]} Kg8 {[%clk 0:15:38]} 34. h7+ {[%clk 1:20:50]} Kxh7
{[%clk 0:16:01]} 35. Rxf7+ {[%clk 1:21:14]} Kg6 {[%clk 0:16:17]} 36. Be8
{[%clk 1:21:30]} e5 {[%clk 0:15:54]} 37. Rd7+ {[%clk 1:21:49]} Kf5
{[%clk 0:16:12]} 38. Rxd6 {[%clk 1:22:11]} exd4 {[%clk 0:15:21]} 39. Rxd5+
{[%clk 1:22:32]} Kf4 {[%clk 0:15:36]} 40. Rxd4+ {[%clk 1:22:49]} Kxf3
{[%clk 0:15:58]} 41. Bc6# {[%clk 1:22:54]} 1-0

[Event "NDVM 2019 U14w"]
[Site "?"]
[Date "2019.09.13"]
[Round "3.12"]
[White "Kahlaee Semnani, Barin"]
[Black "Stelter, Finja"]
[Result "0-1"]
[BlackElo "929"]
[WhiteElo "780"]
[LiveChessVersion "1.4.8"]

1. e4 {[%clk 1:30:58]} e5 {[%clk 1:30:56]} 2. Nf3 {[%clk 1:31:14]} Nc6
{[%clk 1:31:20]} 3. Nc3 {[%clk 1:31:36]} Bc5 {[%clk 1:31:37]} 4. Bc4
{[%clk 1:31:30]} d6 {[%clk 1:31:53]} 5. h3 {[%clk 1:31:37]} Nf6 {[%clk 1:31:37]}
6. d3 {[%clk 1:31:52]} h6 {[%clk 1:31:34]} 7. Be3 {[%clk 1:32:02]} Bb6
{[%clk 1:30:55]} 8. O-O {[%clk 1:31:22]} g5 {[%clk 1:31:01]} 9. Qe2
{[%clk 1:20:42]} g4 {[%clk 1:30:56]} 10. hxg4 {[%clk 1:15:58]} Bxg4
{[%clk 1:30:38]} 11. Nh2 {[%clk 1:15:52]} Bxe2 {[%clk 1:30:44]} 12. Rfe1
{[%clk 1:15:56]} Bg4 {[%clk 1:30:31]} 13. Nxg4 {[%clk 1:10:30]} Nxg4
{[%clk 1:30:32]} 14. Bxb6 {[%clk 1:10:26]} axb6 {[%clk 1:30:47]} 15. f3
{[%clk 1:08:48]} Nf6 {[%clk 1:29:14]} 16. Kf2 {[%clk 1:08:43]} Nd4
{[%clk 1:28:43]} 17. Rh1 {[%clk 1:08:34]} Nd7 {[%clk 1:27:43]} 18. Rh2
{[%clk 1:06:10]} Qg5 {[%clk 1:27:16]} 19. Rd1 {[%clk 1:04:46]} Nxc2
{[%clk 1:27:18]} 20. Nb5 {[%clk 1:04:26]} Qe3+ {[%clk 1:25:18]} 21. Kf1
{[%clk 1:04:22]} Ke7 {[%clk 1:21:43]} 22. Nxc7 {[%clk 1:04:31]} Qg5
{[%clk 1:19:47]} 23. Nxa8 {[%clk 1:04:41]} Rxa8 {[%clk 1:19:55]} 24. Kg1
{[%clk 1:03:14]} Rg8 {[%clk 1:19:27]} 25. Kf1 {[%clk 1:01:43]} Ne3+
{[%clk 1:19:41]} 26. Ke2 {[%clk 1:02:00]} Nxd1 {[%clk 1:19:58]} 27. Kxd1
{[%clk 1:02:23]} Qe3 {[%clk 1:19:46]} 28. Bb5 {[%clk 1:00:20]} Rc8
{[%clk 1:20:02]} 29. Bc4 {[%clk 0:58:18]} b5 {[%clk 1:20:20]} 30. Kc2
{[%clk 0:58:34]} bxc4 {[%clk 1:20:33]} 31. dxc4 {[%clk 0:58:48]} Rxc4+
{[%clk 1:20:52]} 32. Kd1 {[%clk 0:58:35]} Rc1# {[%clk 1:21:15]} 0-1

[Event "SV Ruedersdorf-TuS Makkabi Rostock"]
[Site "Kiel"]
[Date "2019.09.13"]
[Round "3.1"]
[White "Koepnick, Amanda"]
[Black "Heuberger, Sandra"]
[Result "0-1"]
[WhiteElo "1019"]
[BlackElo "1142"]
[Annotator "Rnd./Pair./Board: 03.004.01"]
[PlyCount "56"]
[EventDate "2019.??.??"]
[WhiteTeam "TuS Makkabi Rostock"]
[BlackTeam "SV Ruedersdorf"]

1. e4 e5 2. Nf3 Nc6 3. Bc4 Nf6 4. d3 d5 5. Bxd5 Nxd5 6. exd5 Qxd5 7. Nc3 Qe6 8.
O-O Bd6 9. Ng5 Qg6 10. Qf3 O-O 11. Nd5 Nd4 12. Qd1 h6 13. Ne4 Bh3 14. g3 Bxf1
15. Nxd6 Qxd6 16. Qxf1 Qxd5 17. c4 Qc6 18. h3 Nf3+ 19. Kg2 Nd2+ 20. Kh2 Nxf1+
21. Kg1 Nxg3 22. fxg3 Rad8 23. b3 Rfe8 24. b4 e4 25. b5 Qc5+ 26. Kg2 exd3 27.
Bd2 Re2+ 28. Kf1 Qf2# 0-1

[Event "SV Ruedersdorf-TuS Makkabi Rostock"]
[Site "Kiel"]
[Date "2019.09.13"]
[Round "3.2"]
[White "Kostova, Viktoria"]
[Black "Janssen, Julika"]
[Result "0-1"]
[WhiteElo "974"]
[BlackElo "794"]
[Annotator "Rnd./Pair./Board: 03.004.02"]
[PlyCount "92"]
[EventDate "2019.??.??"]
[WhiteTeam "SV Ruedersdorf"]
[BlackTeam "TuS Makkabi Rostock"]

1. e4 e5 2. Nf3 Nc6 3. Bc4 Bc5 4. Nc3 Nf6 5. O-O d6 6. h3 Be6 7. Bd5 Nd4 8.
Bxe6 fxe6 9. d3 h6 10. Be3 O-O 11. Nh4 Ne8 12. Ng6 Rf7 13. Qg4 Nf6 14. Qg3 Nh7
15. Nh4 Ng5 16. Bxg5 hxg5 17. Ng6 Qf6 18. b4 Bxb4 19. Rab1 Bxc3 20. Rb3 Ne2+
21. Kh2 Nxg3 22. Kxg3 Qxg6 23. Rxc3 Qh5 24. Kh2 Raf8 25. f3 Qh4 26. Rb3 Qf4+
27. Kh1 b6 28. Rbb1 Rf6 29. Rbe1 Rh6 30. Kg1 Qg3 31. Rf2 Rxh3 32. Kf1 Rh1+ 33.
Ke2 Rxe1+ 34. Kxe1 g4 35. Ke2 gxf3+ 36. gxf3 Qh3 37. Kd2 Rxf3 38. Re2 Qh6+ 39.
Kc3 Re3 40. Rd2 d5 41. Kb2 dxe4 42. dxe4 Rxe4 43. Rd8+ Kh7 44. Rc8 Rb4+ 45. Ka3
a5 46. c3 Qc1# 0-1

[Event "SV Ruedersdorf-TuS Makkabi Rostock"]
[Site "Kiel"]
[Date "2019.09.13"]
[Round "3.3"]
[White "Pommerehnke, Marla"]
[Black "Wennin, Elisabeth"]
[Result "1/2-1/2"]
[WhiteElo "906"]
[BlackElo "889"]
[Annotator "Rnd./Pair./Board: 03.004.03"]
[PlyCount "126"]
[EventDate "2019.??.??"]
[WhiteTeam "TuS Makkabi Rostock"]
[BlackTeam "SV Ruedersdorf"]

1. e4 e5 2. Nf3 Nc6 3. Bc4 Nf6 4. Nc3 Bc5 5. d3 h6 6. O-O d6 7. h3 O-O 8. Nd5
a6 9. c3 b5 10. Nxf6+ Qxf6 11. Bd5 Bb7 12. b4 Bb6 13. Be3 Ba7 14. c4 Nd8 15.
Bxb7 Nxb7 16. cxb5 axb5 17. a4 c5 18. axb5 Qe7 19. Rb1 cxb4 20. Bd2 Nc5 21.
Bxb4 Ne6 22. Bd2 Nf4 23. Ra1 Bc5 24. Rb1 Qe6 25. Kh1 Qg6 26. Bxf4 exf4 27. b6
Rab8 28. b7 f5 29. Nh4 Qg5 30. Nxf5 Qg6 31. d4 Ba7 32. e5 dxe5 33. dxe5 Rfd8
34. Qa4 Bc5 35. Qa5 Be7 36. Rfe1 Qc6 37. Qa2+ Kh8 38. Qa7 Bc5 39. Rec1 Bxa7 40.
Rxc6 Bxf2 41. e6 Re8 42. Nd6 Ba7 43. Nf7+ Kg8 44. Nd6 Rxe6 45. Rbc1 Rxb7 46.
Nxb7 Re3 47. Rc8+ Kh7 48. Rf8 f3 49. gxf3 Rxf3 50. Nd6 Rxh3+ 51. Kg2 Rh4 52.
Nf5 Rg4+ 53. Kf3 Ra4 54. Rc7 Ra3+ 55. Ke4 Ra4+ 56. Kf3 Ra3+ 57. Kg4 Ra4+ 58.
Kh5 Bd4 59. Rcc8 g6+ 60. Kg4 Bg7+ 61. Kf3 Bxf8 62. Rxf8 gxf5 63. Rxf5 Kg6
1/2-1/2

[Event "SV Ruedersdorf-TuS Makkabi Rostock"]
[Site "Kiel"]
[Date "2019.09.13"]
[Round "3.4"]
[White "Pham, Minh Trang Nguyen"]
[Black "Urban, Mila"]
[Result "1-0"]
[WhiteElo "920"]
[BlackElo "787"]
[Annotator "Rnd./Pair./Board: 03.004.04"]
[PlyCount "47"]
[EventDate "2019.??.??"]
[WhiteTeam "SV Ruedersdorf"]
[BlackTeam "TuS Makkabi Rostock"]

1. e4 e5 2. Nf3 d6 3. h3 Nf6 4. Nc3 Nc6 5. Bc4 Be7 6. d3 h6 7. Be3 O-O 8. Qe2
Na5 9. O-O-O Bd7 10. Rhg1 c6 11. g4 c5 12. g5 hxg5 13. h4 g4 14. Ng5 Nxc4 15.
dxc4 Nh5 16. f3 g3 17. f4 Qc8 18. Qxh5 Bf5 19. Nd5 Qd7 20. exf5 Bxg5 21. hxg5
Rfe8 22. Rh1 f6 23. g6 Kf8 24. Qh8# 1-0

[Event "Elmshorner SC-SC Borussia Lichtenberg"]
[Site "Kiel"]
[Date "2019.09.13"]
[Round "3.1"]
[White "Berghold, Lotta"]
[Black "Braeutigam, Katerina"]
[Result "1-0"]
[WhiteElo "1471"]
[BlackElo "1757"]
[Annotator "Rnd./Pair./Board: 03.005.01"]
[PlyCount "91"]
[EventDate "2019.??.??"]
[WhiteTeam "SC Borussia Lichtenberg"]
[BlackTeam "Elmshorner SC"]

1. d4 Nf6 2. Nd2 d5 3. e3 e6 4. Bd3 c5 5. c3 Nc6 6. Ngf3 Bd6 7. O-O O-O 8. dxc5
Bxc5 9. e4 h6 10. Qe2 Bb6 11. exd5 Nxd5 12. Nc4 Bc7 13. Nce5 Nxe5 14. Nxe5 Qd6
15. Nf3 b6 16. Re1 Bb7 17. Qe4 Nf6 18. Qxb7 a6 19. Be4 Nd5 20. Ne5 f6 21. Qc6
fxe5 22. Qxd6 Bxd6 23. c4 Bc5 24. Re2 Rad8 25. cxd5 exd5 26. Bc2 Rfe8 27. Bb3
Kf8 28. Bd2 d4 29. Rae1 Bd6 30. a3 a5 31. Ba2 g5 32. Rc1 Ke7 33. f4 Kf6 34.
fxe5+ Bxe5 35. Rce1 d3 36. Re4 Re7 37. Rf1+ Kg6 38. Rfe1 Rde8 39. Kh1 Kf6 40.
Bc3 Bxc3 41. Rxe7 d2 42. R7e6+ Kg7 43. Rd1 Rc8 44. bxc3 Rxc3 45. Rd6 Rc1 46.
R6xd2 1-0

[Event "Elmshorner SC-SC Borussia Lichtenberg"]
[Site "Kiel"]
[Date "2019.09.13"]
[Round "3.2"]
[White "Margaryan, Susanna"]
[Black "Mueller, Helene"]
[Result "0-1"]
[WhiteElo "1231"]
[BlackElo "1476"]
[Annotator "Rnd./Pair./Board: 03.005.02"]
[PlyCount "134"]
[EventDate "2019.??.??"]
[WhiteTeam "Elmshorner SC"]
[BlackTeam "SC Borussia Lichtenberg"]

1. d4 b6 2. c4 Bb7 3. Nc3 e6 4. Bf4 Nf6 5. e3 Be7 6. a3 d5 7. cxd5 Nxd5 8. Nxd5
Bxd5 9. Rc1 c5 10. dxc5 Bxc5 11. b4 Be7 12. Bb5+ Kf8 13. Bc7 Qc8 14. Bd6 Qd8
15. Bxe7+ Kxe7 16. Nf3 a6 17. Bc4 Bxc4 18. Qxd8+ Rxd8 19. Rxc4 Rd3 20. Rc7+ Kf6
21. Ke2 Rxa3 22. Rb1 a5 23. b5 Ra2+ 24. Ke1 a4 25. Rcc1 a3 26. Ra1 Rb2 27. Rcb1
Nd7 28. Nd2 Ne5 29. f4 Nd3+ 30. Ke2 Rxb1 31. Rxb1 a2 32. Ra1 Nb4 33. Kd1 Ra5
34. Ne4+ Ke7 35. Nc3 Nd5 36. Nxd5+ exd5 37. Kc2 Kf6 38. g4 Ke6 39. Kb3 Rxb5+
40. Kxa2 Ra5+ 41. Kb2 Rxa1 42. Kxa1 d4 43. exd4 Kd5 44. Kb2 Kxd4 45. Kb3 Ke4
46. f5 g6 47. f6 Kf4 48. g5 Kxg5 49. Kc4 Kxf6 50. Kb5 Ke5 51. Kxb6 f5 52. Kc5
Ke4 53. Kc4 f4 54. Kc3 Ke3 55. Kc2 Ke2 56. Kc3 f3 57. Kd4 f2 58. Ke5 f1=Q 59.
Kd4 Qf5 60. Kc4 Qd7 61. Kc5 Ke3 62. Kc4 Qd4+ 63. Kb3 Qc5 64. Kb2 Kd2 65. Kb1
Qc2+ 66. Ka1 Kc3 67. h4 Qb2# 0-1

[Event "Elmshorner SC-SC Borussia Lichtenberg"]
[Site "Kiel"]
[Date "2019.09.13"]
[Round "3.3"]
[White "Kluehs, Isabel"]
[Black "Neitzel, Emma"]
[Result "1-0"]
[WhiteElo "1312"]
[BlackElo "803"]
[Annotator "Rnd./Pair./Board: 03.005.03"]
[PlyCount "63"]
[EventDate "2019.??.??"]
[WhiteTeam "SC Borussia Lichtenberg"]
[BlackTeam "Elmshorner SC"]

1. d4 d5 2. Nf3 Nf6 3. e3 Bf5 4. c4 e6 5. Nc3 c5 6. Be2 Nc6 7. O-O Bd6 8. a3
O-O 9. dxc5 Bxc5 10. b4 Bd6 11. cxd5 exd5 12. Bb2 Be4 13. Nxe4 Nxe4 14. Bd3 Rc8
15. Rc1 a6 16. h3 h6 17. Nd2 Qe7 18. Qg4 Nf6 19. Qf5 Ne5 20. Rxc8 Rxc8 21.
Qxc8+ Qf8 22. Qxf8+ Bxf8 23. Bxe5 Be7 24. Rc1 Nd7 25. Rc8+ Nf8 26. Re8 Bg5 27.
Bd6 g6 28. Bxf8 h5 29. Bh6+ Kh7 30. Bxg5 b5 31. Bf6 d4 32. Rh8# 1-0

[Event "Elmshorner SC-SC Borussia Lichtenberg"]
[Site "Kiel"]
[Date "2019.09.13"]
[Round "3.4"]
[White "Margaryan, Sofia"]
[Black "Hafermann, Lara"]
[Result "0-1"]
[WhiteElo "800"]
[BlackElo "800"]
[Annotator "Rnd./Pair./Board: 03.005.04"]
[PlyCount "124"]
[EventDate "2019.??.??"]
[WhiteTeam "Elmshorner SC"]
[BlackTeam "SC Borussia Lichtenberg"]

1. e4 b6 2. d4 Bb7 3. Nc3 e6 4. Nf3 Bb4 5. Bd2 Nf6 6. Bd3 d5 7. e5 Nfd7 8. a3
Bxc3 9. Bxc3 Nc6 10. Qe2 a5 11. Ng5 Qxg5 12. Rg1 O-O 13. Bd2 Qe7 14. Qh5 g6 15.
Qh6 Nxd4 16. Rc1 Nxe5 17. Bg5 f6 18. Bf4 Nxd3+ 19. cxd3 c5 20. b4 Rfc8 21. b5
Qg7 22. Qxg7+ Kxg7 23. a4 c4 24. dxc4 Rxc4 25. Rxc4 dxc4 26. Be3 e5 27. f4 c3
28. fxe5 Nc2+ 29. Ke2 Nxe3 30. Kxe3 fxe5 31. Rc1 Rc8 32. Kd3 e4+ 33. Ke3 Rc4
34. g4 Kf6 35. Rf1+ Kg7 36. h4 c2 37. Rc1 Bc8 38. g5 h6 39. gxh6+ Kxh6 40. Kd2
Kh5 41. Rxc2 Rxc2+ 42. Kxc2 Kxh4 43. Kd2 Bb7 44. Ke3 g5 45. Kf2 Kh3 46. Ke3 g4
47. Kf2 g3+ 48. Kg1 g2 49. Kf2 Kh2 50. Ke3 g1=Q+ 51. Ke2 Qg3 52. Kd2 Qf3 53.
Ke1 Qg2 54. Kd1 Qf2 55. Kc1 Qe2 56. Kb1 Qd2 57. Ka1 Kg3 58. Kb1 Kf3 59. Ka1 Ke3
60. Kb1 Kd3 61. Ka1 Kc3 62. Kb1 Qb2# 0-1